| 000 | 00773cab a2200241 4500 | ||
|---|---|---|---|
| 001 | ABS53668 | ||
| 008 | 090401t1995 xxu||||| |||| 00| 0 eng d | ||
| 035 | _a(Sirsi) u5762 | ||
| 041 | _aeng | ||
| 100 | _aBegg, H. | ||
| 245 | _aDundee works wonders on urban renewal | ||
| 260 | _c1995 | ||
| 350 | _a0 | ||
| 490 |
_aPlanning (for the Natural and Built Environment) _v(1138) 29 September 1995, 20-21(2) |
||
| 520 | _aLooks at a private sector-led urban renewal programme in Dundee which has been highly successful in transforming the local social and economic environment. | ||
| 650 | _aPRIVATE INVESTMENT | ||
| 650 | _aSCOTLAND | ||
| 650 | _aSTACK LEISURE PARK | ||
| 650 | _aURBAN REGENERATION | ||
| 690 | _aURBAN RENEWAL | ||
| 942 | _n0 | ||
| 948 | _c04/03/1997 | ||
| 999 |
_c3437 _d3437 |
||